EA FC24 LaLiga TOTS - Statistics

General Stats
  • This quiz has been taken 166 times
    151 since last reset
  • The average score is 22 of 31
Answer Stats
Rate Club Nation Answer % Correct
97 Real Madrid England Jude Bellingham
99%
96 Real Madrid Croatia Luka Modric
99%
96 Real Madrid Uruguay Federico Valverde
97%
96 Atletico Madrid France Antoine Griezmann
95%
95 Barcelona Poland Robert Lewandowski
94%
96 Real Madrid Brazil Vinicius Jr
93%
93 Real Madrid Brazil Rodrygo
89%
94 Real Madrid Germany Antonio Rudiger
86%
93 Barcelona Uruguay Ronald Araujo
86%
94 Barcelona France Jules Kounde
85%
94 Barcelona Portugal Joao Felix
81%
95 Barcelona Portgual Joao Cancelo
80%
93 Real Madrid France Eduardo Camavinga
76%
92 Bilbao Ghana Inaki Williams
75%
91 Bilbao Spain Nico Williams
74%
92 Real Madrid Spain Dani Carvajal
73%
93 Barcelona Germany Ilkay Gundogan
73%
92 Real Sociedad Japan Takefuso Kubo
72%
94 Real Betis Spain Isco
71%
92 Villarreal Norway Alexander Sorloth
67%
93 Barcelona Brazil Raphinha
66%
95 Sevilla Spain Sergio Ramos
64%
93 Girona Brazil Savio
63%
91 Girona Ukraine Artem Dovbyk
55%
92 Girona Spain Aleix Garcia
47%
93 Real Madrid Spain Lucas Vazquez
47%
90 Bilbao Spain Unai Simon
46%
90 Real Sociedad Spain Mikel Merino
43%
90 Real Sociedad Mali Hamari Traore
41%
91 Bilbao Spain Vivian
32%
92 Girona Spain Miguel Gutierrez
24%
No matching quizzes found
Score Distribution
Percent of People with Each Score
Percentile by Number Answered
Your Score History
You have not taken this quiz since the last reset